Französische Wörter - Statistiken

Allgemein
  • Dieses Quiz wurde 487 mal gespielt
  • Das Durchschnittsergebnis liegt bei 10 aus 12
Antwortstatistiken
Französisch Deutsch % Korrekt
maison Haus
96%
école Schule
96%
enfant Kind
95%
homme Mann
94%
fleur Blume
90%
chat Katze
88%
fille Mädchen
85%
voiture Auto
80%
juillet Juli
79%
meilleur ami Beste Freundin
75%
salle de bain Badezimmer
73%
plage Strand
71%
Keine übereinstimmenden Quizze gefunden
Verteilung der Resultate
Anzahl Personen mit jedem Resultat
Perzentil nach korrekt beantworteten Fragen
Ihre Resultats-Entwicklung
Sie haben dieses Quiz noch nicht gespielt